Kalhana / (Record no. 179502)

MARC details
000 -LEADER
fixed length control field 00573nam a22001937a 4500
005 - DATE AND TIME OF LATEST TRANSACTION
control field 20210616120228.0
010 ## - LCCN (DPL NO)
LC control number B-740234
020 ## - INTERNATIONAL STANDARD BOOK NUMBER
International Standard Book Number 9788126052011
Terms of availability 50.00
035 ## - SYSTEM CONTROL NUMBER
System control number B-740234
037 ## - SOURCE OF ACQUISITION
Source of stock number/acquisition Gift
082 ## - DEWEY DECIMAL CLASSIFICATION NUMBER
Classification number 921
100 ## - MAIN ENTRY--PERSONAL NAME
Personal name Dhar, Somnath
245 ## - TITLE STATEMENT
Title Kalhana /
Statement of responsibility, etc by Somnath Dhar
260 ## - PUBLICATION, DISTRIBUTION, ETC. (IMPRINT)
Place of publication, distribution, etc New Delhi
Name of publisher, distributor, etc Sahitya Akademi
Date of publication, distribution, etc 2017
270 ## - ADDRESS
Address Rabindra Bhawan, 35, Ferozshah Road
City New Delhi
Postal code 110001
300 ## - PHYSICAL DESCRIPTION
Extent 85p.
Dimensions 22cm(pbk)
942 ## - ADDED ENTRY ELEMENTS (KOHA)
Source of classification or shelving scheme Dewey Decimal Classification
Item type English Books
Classification part 921
Call number suffix DHA
Holdings
Withdrawn status Lost status Not for loan Collection code Home library Current library Date acquired Source of acquisition Cost, normal purchase price Full call number Barcode Copy number Cost, replacement price Koha item type Public note
      Non-fiction Kadipur Kadipur 16/06/2021 Gift/Eng/02-06-2021 50.00 921 DHA B-740234 1 50.00 English Books Gift

© Delhi Public Library
Hit Counter
free hit counter